000 01074nas a2200349 4500
001 BR2017001166
003 BR-BrBNA
005 20231205130921.0
007 ta
008 230509b bl.|||p| |||| 00| 00por d
040 _aBR-BrBNA
_bpor
_cBiblioteca Nacional de Agricultura
041 _a(En)
072 _aK10
100 1 _aRosa, A.D.
100 1 _aSilva, A.C.
100 1 _aHiguchi, P.
100 1 _aMarcon, A.K.
100 1 _aMissiio, F. de F.
100 1 _aBento, M.A.
100 1 _aSilva, J.O. da
100 1 _aGonçalves, D.A.
100 1 _aRodrigues Júnior, L.C.
245 1 _aNatural regeneration of tree species in a cloud forest in Santa Catarina, Brazil
650 _aFLORESTA
650 _aMANEJO
650 _aREGENERAÇÃO NATURAL
650 _aCOMPACTAÇÃO DO SOLO
773 0 _tRevista Árvore (Brazil)
_xISSN 1806-9088
_g(Nov-Dec 2016), v. 40(6) p. 1073-1082
_wBR2017001166
856 4 0 _uhttp://www.scielo.br/pdf/rarv/v40n6/0100-6762-rarv-40-06-1073.pdf
909 _a202311
_bLúcia
_c55
_dLúcia Elande
942 _2AGRIS
_n0
_cANA
999 _c252027
_d252027